• 首页
  • 本馆介绍
  • 公告通知
  • 最新文献
  • 馆藏检索
  • 电子资源
  • 读者导购
  • 参考咨询
  • 我的图书馆
  • 登录
  • 详细信息显示
  • 放入我的书架
  • 预约/预借图书
  • 作者相关作品
  • 分类相关作品
  • 丛书相关作品
  • 出版社相关作品

书目信息

  • 表格格式
  • 工作单格式
  • 卡片格式
题名:
中国海权策
    
 
作者: 胡波 著
分册:  
出版信息: 北京   新华出版社  2012.06
页数: 278页
开本: 24cm
丛书名:
单 册:
中图分类: E815
科图分类:
主题词: 制海权--研究--中国 , 制海权
电子资源:
ISBN: 978-7-5011-9966-2
000 00955nam0 2200265 450
001 010700132340
005 20130608084819.29
010    @a978-7-5011-9966-2@dCNY36.00
035    @a005889226
100    @a20120716d2012 em y0chiy0110 ea
101 0  @achi
102    @aCN@b110000
105    @ay z 000yy
106    @ar
200 1  @a中国海权策@9zhong guo hai quan ce@e外交、海洋经济及海上力量@f胡波著
210    @a北京@c新华出版社@d2012.06
215    @a278页@d24cm
330    @a本书客观地分析了时代条件、地缘环境、自身能力等影响中国海权发展的诸多因素,全面而系统地规划了中国海权战略目标,并力图解决中国在和平发展的框架下综合应用外交、军事、经济、国际法等手段去争取相对有限的海权目标的问题。
517 1  @a外交、海洋经济及海上力量@9wai jiao、hai yang jing ji ji hai shang li liang
606 0  @a制海权@x研究@y中国
606 0  @a制海权
690    @aE815@v5
701  0 @a胡波@9hu bo@f(1981~)@4著
801  0 @aCN@bNLC@c20121009
905    @dE815@e35
    
    中国海权策:外交、海洋经济及海上力量/胡波著.-北京:新华出版社,2012.06
    278页;24cm
    
    
    ISBN 978-7-5011-9966-2:CNY36.00
    本书客观地分析了时代条件、地缘环境、自身能力等影响中国海权发展的诸多因素,全面而系统地规划了中国海权战略目标,并力图解决中国在和平发展的框架下综合应用外交、军事、经济、国际法等手段去争取相对有限的海权目标的问题。
●
相关链接 在E读中查询图书 在五车中查询图书 在当当中查询图书 在豆瓣中查询图书


正题名:中国海权策     索取号:E815/35         预约/预借

序号 登录号 条形码 馆藏地/架位号 状态 备注
1 0543794   205437945   第一样本阅览室/ [索取号:E815/35] 在馆    
2 0543795   205437954   密集书库-史法系/ [索取号:E815/35] 在馆    
3 0543796   205437963   第一借阅区/ [索取号:E815/35] 在馆    
4 0543797   205437972   第一借阅区/ [索取号:E815/35] 在馆    
5 0543798   205437981   第一借阅区/ [索取号:E815/35] 在馆    
唐山师范学院图书馆 欢迎您!
大连网信软件有限公司© 版权所有